| 000 | 01526nam a22003857a 4500 | ||
|---|---|---|---|
| 003 | CHAP | ||
| 005 | 20220329143403.0 | ||
| 008 | 090211s2008 mx a r 00010 spa d | ||
| 010 | _a95826 | ||
| 011 | _a96798 | ||
| 035 | _a107455 | ||
| 040 | _cCHAP | ||
| 090 | _aTesis | ||
| 100 | 1 |
_aGonzález Santín, Lidia Lorena. _949404 |
|
| 245 | 1 | 0 |
_aEtiología de la enfermedad pata prieta de la jamaica (Hibiscus sabadariffa L.) en Guerrero, México _c/por Lidia Lorena González Santín |
| 260 |
_aChapingo, Méx. : _bEl autor, _c2008 |
||
| 300 |
_a63 h. : _bilus., cuadros |
||
| 502 | _aTesis (Ing. Agr. Esp. en Parasitología Agrícola) -- UACH. Departamento de Parasitología Agrícola | ||
| 530 | _aTambién disponible en línea | ||
| 590 |
_aALEPH _b10 _c20130110 _lUCH01 _h1527 |
||
| 590 |
_aBATCH-UPD _b10 _c20130110 _lUCH01 _h0712 |
||
| 590 |
_aBATCH-UPD _b10 _c20130410 _lUCH01 _h0358 |
||
| 590 |
_aBATCH-UPD _b10 _c20130914 _lUCH01 _h1548 |
||
| 590 |
_aBATCH-UPD _b10 _c20140324 _lUCH01 _h1510 |
||
| 590 |
_aBATCH-UPD _b10 _c20141002 _lUCH01 _h0838 |
||
| 590 |
_aCONVERSION _b10 _c20130109 _lUCH01 _h1353 |
||
| 650 | 1 | 4 |
_aJamaica _xEnfermedades por hongos. _960990 |
| 650 | 1 | 4 |
_aJamaica _zGuerrero. _961004 |
| 650 | 1 | 4 |
_aPhytophthora parasitica. _987928 |
| 856 |
_3Finding aid _uhttp://10.13.5.2/tesis/107455.pdf _zTeclea aqui |
||
| 901 | _aBK | ||
| 942 | _cFOLL | ||
| 949 |
_aTesis _bBC _cTES _d33724002085611 _eTS2 _fc.2 _gDonaciØn _h48834 _i107455 _sb |
||
| 949 |
_aTesis _bBC _cTES _d33724002086389 _eTS1 _gDonaciØn _h48833 _i107455 _sb |
||
| 999 |
_c95826 _d95826 |
||